Multiplication par 2 en suite - Statistiques

Statistiques générales
  • Ce quiz a été pris 145 fois
  • Le résultat moyen est 21 sur 27
Statistiques - réponses
Commencer a 0.5 % Correct
1
100%
2
100%
4
100%
16
98%
32
98%
8
98%
128
97%
64
97%
1 024
95%
2 048
95%
256
95%
512
95%
4 096
91%
8 192
87%
16 384
79%
32 768
76%
65 536
70%
131 072
66%
262 144
65%
524 288
64%
1 048 576
61%
2 097 152
53%
4 194 304
51%
8 388 608
47%
16 777 216
41%
33 554 432
38%
67 108 864
37%
Aucun quiz correspondant
Distribution des résultats
% des personnes avec chaque résultat
Percentile par nombre de réponses
Votre historique - résultats
Vous n’avez pas pris ce quiz